Superlatywy stanowe - nie Alaska - Statystyki

Ogólne statystyki
  • Ten quiz został rozwiązany 4 razy
  • Średni wynik to 5 z 14
Statystyki odpowiedzi
Superlatyw #2 Stan % Poprawnych
Największa powierzchnia Teksas
100%
Najdłuższa linia brzegowa Floryda
75%
Punkt najbardziej wysunięty na zachód Hawaje
50%
Najwyższa góra Kalifornia
50%
Najwyższy % populacji ma pochodzenie indiańskie Oklahoma
50%
Najniższa średnia temperatura Dakota Północna
25%
Najwięcej łosi Maine
25%
Najbardziej wysunięty na północ punkt Minnesota
25%
Największy obszar pokryty lodowcami Waszyngton
25%
Najniższa gęstość zaludnienia Wyoming
25%
Najbardziej deszczowa stolica stanu Luizjana
0%
Najwięcej niedźwiedzi grizzly Montana
0%
Najwięcej gruntów będących własnością rządu USA Nevada
0%
Najniższa wartość produkcji roślinnej Rhode Island
0%
Nie znaleziono quizów pasujących do podanych kryteriów
Rozkład punktacji
Procent ludzi z każdym wynikiem
Percentyl według liczby udzielonych odpowiedzi
Twoja historia wyników
Nie rozwiązałeś tego quizu